Statistics for Most Speedran Mario Games

Click here to take the quiz!

General Stats

  • This quiz has been taken 209 times
  • The average score is 16 of 25

Answer Stats

#YearConsole(s)Runner CountGame% Correct
11996N642,082Super Mario 64
98%
91985NES746Super Mario Bros.
96%
22017Switch2,068Super Mario Odyssey
95%
52002GCN943Super Mario Sunshine
89%
61990SNES852Super Mario World
87%
342007Wii362Super Mario Galaxy
84%
1431998NES132Super Mario Bros. 2
82%
522006DS259New Super Mario Bros.
81%
311988NES371Super Mario Bros. 3
80%
652010Wii222Super Mario Galaxy 2
77%
1282013WiiU139Super Mario 3D World
72%
262009Wii419New Super Mario Bros. Wii
69%
212014WiiU494Mario Kart 8
63%
272017Switch406Mario Kart 8 Deluxe
63%
282008Wii389Mario Kart Wii
59%
521996N64259Mario Kart 64
54%
412003GCN289Mario Kart: Double Dash!!
54%
252001GCN439Luigi's Mansion
48%
1161998N64153Mario Party
46%
872000N64193Paper Mario
44%
551995SNES245Super Mario World 2: Yoshi's Island
44%
9820123DS179New Super Mario Bros. 2
39%
10620113DS166Mario Kart 7
38%
1852005DS121Mario Kart DS
35%
802015WiiU201Super Mario Maker
25%

Score Distribution

Percentile by Number Answered

Percent of People with Each Score

Your Score History

You have not taken this quiz